Active close binaries (Record no. 10182)

MARC details
000 -LEADER
fixed length control field 00966nam a2200241Ia 4500
003 - CONTROL NUMBER IDENTIFIER
control field IN-BaIIA
008 - FIXED-LENGTH DATA ELEMENTS--GENERAL INFORMATION
fixed length control field 211028s9999 xx 000 0 eng d
020 ## - INTERNATIONAL STANDARD BOOK NUMBER
International Standard Book Number 0-7923-0907-3
040 ## - CATALOGING SOURCE
Transcribing agency IIA Library
080 ## - UNIVERSAL DECIMAL CLASSIFICATION NUMBER
Universal Decimal Classification number 524.382(082.2)
Item number ACT
111 ## - MAIN ENTRY--MEETING NAME
Meeting name or jurisdiction name as entry element NATO advanced study institute Conference
Location of meeting Turkey
Date of meeting or treaty signing 1989 Sept. 11-22
9 (RLIN) 17274
245 #0 - TITLE STATEMENT
Title Active close binaries
Remainder of title proceedings of the NATO advanced study institute held in Kusadasi, Turkey, 11-22 Sept 1989
Statement of responsibility, etc. edited by Cafer Ibanoglu
260 ## - PUBLICATION, DISTRIBUTION, ETC.
Place of publication, distribution, etc. Dordrecht
Name of publisher, distributor, etc. Kluwer Academic
Date of publication, distribution, etc. 1990
300 ## - PHYSICAL DESCRIPTION
Extent xvi, 913p.
490 ## - SERIES STATEMENT
Series statement NATO advanced institute series. Series C : mathematical and physical sciences; v. 319
650 ## - SUBJECT ADDED ENTRY--TOPICAL TERM
Topical term or geographic name entry element Accretion disks
9 (RLIN) 8621
650 ## - SUBJECT ADDED ENTRY--TOPICAL TERM
Topical term or geographic name entry element Astronomy and astrophysics thesaurus
650 ## - SUBJECT ADDED ENTRY--TOPICAL TERM
Topical term or geographic name entry element Binary stars
9 (RLIN) 1185
650 ## - SUBJECT ADDED ENTRY--TOPICAL TERM
Topical term or geographic name entry element Close binary stars
9 (RLIN) 3592
700 ## - ADDED ENTRY--PERSONAL NAME
Personal name Ibanoglu, Cafer, ed.
9 (RLIN) 17275
710 ## - ADDED ENTRY--CORPORATE NAME
Corporate name or jurisdiction name as entry element NATO advanced study institute
9 (RLIN) 5368
942 ## - ADDED ENTRY ELEMENTS (KOHA)
Koha item type Books
Holdings
Withdrawn status Lost status Damaged status Not for loan Home library Current library Shelving location Date acquired Cost, normal purchase price Total Checkouts Full call number Barcode Date last seen Cost, replacement price Price effective from Koha item type Purchase Price
        IIA Library-Bangalore IIA Library-Bangalore General Stacks 04/07/1991 4332.00   524.382(082.2)/ ACT 11092 05/11/2021 4332.00 04/07/1991 Books Rs. 4332.00

Powered by Koha